Представление документа в формате RUSMARC

ПолеНазваниеЗначение
  Тип записи a
  Библиографический уровень m
001 Контрольный номер RU/УОНБ/EK/660911684
005 Дата корректировки 20241101133421.0
010 Индекс ISBN __
a ISBN 5-12-009349-7
d Цена 7 р. 10 к.
b Уточнения в пер.
100 Данные общей обработки __
a Данные общей обработки 20201210d1988 u y0rusy0189||||ca
101 Язык документа 0_
a Язык текста rus
102 Страна публикации __
a Страна публикации RU
105 Кодированные данные (монография) __
a Кодированные данные (монография) a z 001yy
200 Заглавие и сведения об ответственности 1_
a Заглавие Развитие литейного производства в Украинской ССР
f Первые сведения об ответственности К.И. Ващенко, А.М. Петриченко, Ю.А. Шульте [и др.]
g Последующие сведения об ответственности отв. ред. В.А. Ефимов [и др.]
g Последующие сведения об ответственности Акад. наук УССР, Ин-т пробл. литья, Ин-т истории, Центр исслед. науч.-техн. потенциала и истории науки
210 Выходные данные 1_
a Место издания Киев
c Издательство Наук. думка
d Дата издания 1988
215 Физическое описание __
a Объем 371, [4] с.
c Иллюстрации/тип воспроизводства ил.
d Формат 25 см
320 Библиография __
a Библиография Библиогр.: с. 344-358
320 Библиография __
a Библиография Указ.: с. 370-372
606 Тематические рубрики 0_
a Основная рубрика Литейное производство
y Географическая подрубрика Украинская ССР
610 Ключевые слова 0_
a Ключевые слова литейное производство
610 Ключевые слова 0_
a Ключевые слова Украинская ССР
686 Индексы других классификаций __
a Классификационный индекс 34.61
2 Код системы rubbk
701 Альтернативная интеллектуальная ответственность _1
a Фамилия Ващенко
b Имя (инициалы) К.И.
701 Альтернативная интеллектуальная ответственность _1
a Фамилия Петриченко
b Имя (инициалы) А.М.
701 Альтернативная интеллектуальная ответственность _1
a Фамилия Шульте
b Имя (инициалы) Ю.А.
701 Альтернативная интеллектуальная ответственность _1
a Фамилия Шульте
b Имя (инициалы) Ю.А.
702 Вторичная интеллектуальная ответственность _1
a Фамилия Ефимов
b Имя (инициалы) В.А.
4 Код отношения 340
801 Источник записи _0
a Страна RU
b Организация Ульяновская ОНБ
c Дата составления 20201210
g Правила каталогизации RCR
801 Источник записи _1
a Страна RU
b Организация Ульяновская ОНБ
c Дата составления 20201210
g Правила каталогизации RCR
901 Тип документа __
t Тип документа m
909 Создатель записи __
a Создатель записи Егорова
938 Служебная информация __
a Имя БД retro
b Имя библиотеки УОНБ
c Имя АИБС МАРК-SQL
d Номер DOC_ID в БД 350296